| 000 | 00832nam a2200217 a 4500 | ||
|---|---|---|---|
| 008 | 100126s1991 ||||||||||||||||| || u | ||
| 020 | _a9290810866 | ||
| 050 | _aCTA(02) | ||
| 100 | _aOnwueme, I. C | ||
| 245 | 1 | 0 |
_aField crop production in tropical Africa: principles and practice _cI. C. Onwueme and T. D. Sinha |
| 260 |
_aEde, The Netherlands: _bCTA _c1991 |
||
| 300 | _a480p.: ill. | ||
| 350 | _a0.00 | ||
| 650 | _aTROPICAL CROPS--AFRICA, SUB-SAHARAN | ||
| 650 | _aCROPS PRODUCTION | ||
| 650 | _aFIELD CROPS--AFRICA, SUB-SAHARAN | ||
| 650 | _aYAMS | ||
| 700 | _aSinha, T. D | ||
| 710 | _aTechnical Centre for Agricultural and Rural Cooperation (CTA) | ||
| 995 |
_D0.00 _FCBU-MAIN LIBRARY (Kitwe) _H1 _I0.00 _M1 _UAVAILABLE _WJan 26, 2010 _ZInternational Publications |
||
| 999 |
_c43238 _d43238 |
||